000
00278nam a2200109Ia 4500
008
230206s9999 xx 000 0 und d
022
_a
0971-4480
041
_a
eng
100
_a
Agarwala R G, Ed.
_9
119225
245
_a
The Insurance Times
260
_b
Janta Printing Works
_a
Kolkata
999
_c
97676
_d
97676